El Nou batxillerat
Descripción Física:
60 f. : il. ; 30 cm
Colección:
Qüestions puntuals ; 4
Materias:
Ensenyament secundari
MARC
| LEADER | 00000nam a2200000Ia 4500 | ||
|---|---|---|---|
| 001 | 11.187 | ||
| 008 | 160829s9999 xx 000 0 cat d | ||
| 080 | |a E-1-18 | ||
| 245 | |a El Nou batxillerat | ||
| 260 | |a Barcelona : |b Diputació, Àrea d'Educació, [1995?] | ||
| 300 | |a 60 f. : |b il. ; |c 30 cm | ||
| 490 | |a Qüestions puntuals ; 4 | ||
| 590 | |a Abans del títol: 'Us podem informar sobre ...' | ||
| 650 | |a Ensenyament secundari |9 21878 | ||
| 710 | |a Barcelona (Catalunya : Província). |b Àrea d'Educació |9 8009 | ||
| 901 | |a Arxiu | ||
| 942 | |n 1 | ||
| 952 | |0 0 |1 0 |4 0 |6 E118 |7 1 |9 41898 |a Arxiu |b Arxiu |d 2016-12-01 |l 0 |o E-1-18 |p 11.187 |r 2016-12-01 00:00:00 |w 2016-12-01 |y ARXIU | ||
| 999 | |c 44345 |d 44345 | ||